| 000 | 00706nam a2200205 i 4500 | ||
|---|---|---|---|
| 001 | 8517 | ||
| 003 | ES-MaACL | ||
| 005 | 20230906145455.0 | ||
| 007 | t| | ||
| 008 | 920710s1991 sp ||||1| spa d | ||
| 020 | _a24-604-0021-6 | ||
| 080 | _a32:92 López, Joaquín María | ||
| 080 | _a92 López, Joaquín María | ||
| 100 | 1 |
_aPrats Esquembre, Vicente. _993706 |
|
| 245 | 1 | 0 |
_aJoaquín María López, un líder liberal para España _b: su vida y su obra política / _cVicente Prats Esquembre. |
| 260 |
_aAlicante : _bAyuntamiento de Villena [etc.], _c1991. |
||
| 300 |
_a262 p. : _bil. ; _c21 cm. |
||
| 600 | 1 | 4 |
_aLópez, Joaquín María- _xBiografías. _973339 |
| 852 |
_aES-MaACL _jL-15943 _bR.120350 |
||
| 999 |
_c8517 _d8517 |
||